|
|
|
|
| LEADER |
00000cam a2200000 7i4500 |
| 001 |
0000004097 |
| 005 |
20160420.0 |
| 020 |
0 |
0 |
|a 9789670622316
|
| 090 |
0 |
0 |
|a 634.90720595
|b FUN 2015
|
| 100 |
0 |
1 |
|a Suet Fun, Liew
|
| 245 |
0 |
0 |
|a Only the keeper sees :
|b Research, people and the progress of society
|c Liew Suet Fun
|
| 260 |
0 |
0 |
|a Selangor :
|b FRIM ,
|c 2015
|
| 300 |
|
|
|a 107 pages :
|b ill. ;
|c 21cm.
|
| 650 |
0 |
0 |
|a Forest management---Research---Malaysia
|
| 650 |
0 |
0 |
|a Forests and forestry
|z Malaysia
|x Research
|
| 998 |
|
|
|a JPSM
|
| 999 |
|
|
|a 007920
|b Monograph
|c Open Shelf
|e Default branch
|
| 999 |
|
|
|a 007921
|b Monograph
|c Open Shelf
|e Default branch
|
| 999 |
|
|
|a 007922
|b Monograph
|c Open Shelf
|e Default branch
|
| 999 |
|
|
|a 007923
|b Monograph
|c Open Shelf
|e Default branch
|
| 999 |
|
|
|a 007924
|b Monograph
|c Open Shelf
|e Default branch
|